000
00213nam a2200097Ia 4500
008
240331s9999 xx 000 0 und d
082
_b
IMA
100
_a
Imayavaramban,
245
0
_a
Marxiam sila kelvikal
942
_c
L
999
_c
3595
_d
3595